000 00618nam a2200229Ia 4500
003 OSt
005 20221007064304.0
006 a|||||r|||| 00| 0
007 ta
008 221006b |||||||| |||| 00| 0 eng d
024 _a25,539
037 _cTextual
040 _aFLL
_cFLL
_beng
041 _2eng
_aeng
082 _aV58:2:N7, L8
100 _aSharma Jitendra
_9683320
245 0 _aNew soviet constitution
260 _aDelhi
_bAllied Publishers Private Limited India
_c1978
300 _avi,118p
_ccm.
942 _hV58:2:N7, L8
_cTEXL
_2CC
999 _c1133600
_d1133600